Perspectiva mundial sobre la biodiversidad (Registro nro. 8029)
[ vista simple ]
| 000 -CABECERA | |
|---|---|
| Campo de control | 00725nmm a22002177a 4500 |
| 005 - FECHA Y HORA DE LA ULTIMA TRANSACCION | |
| Campo de control | 20150128152330.0 |
| 008 - ELEMENTOS DE LONGITUD FIJA—INFORMACION GENERAL | |
| Campo de control | 131206b2210 -CN||||| |||| 00| 0 spa d |
| 020 ## - ISBN | |
| ISBN | 9292252208 |
| 040 ## - FUENTE DE CATALOGACIÓN | |
| Agencia catalogadora original | CO-BoIAVH |
| Agencia transcriptora | CO-BoIAVH |
| 041 ## - IDIOMA | |
| Código de idioma para texto/pista de sonido o título separado | Español |
| -- | Francés |
| -- | Inglés |
| 044 ## - PAÍS DE PUBLICACIÓN | |
| País de publicación | Canadá |
| 082 04 - NUMERO DE CLASIFICACION DECIMAL DEWEY | |
| Número de clasificación | 333.95 |
| Número del ítem | P45p |
| 090 ## - CLASIFICACIÓN LOCAL | |
| Colección | LB |
| Consecutivo | 05848 |
| 110 ## - ASIENTO PRINCIPAL--NOMBRE CORPORATIVO | |
| Nombre corporativo o de jurisdicción como elemento de entrada | Secretaría del Convenio sobre la diversidad Biológica |
| 245 ## - MENCION DE TITULO | |
| Título | Perspectiva mundial sobre la biodiversidad |
| 260 ## - PUBLICACION, DISTRIBUCION, ETC. (PIE DE IMPRENTA) | |
| Lugar de publicación, distribución, etc. | Montreal |
| Nombre del editor, distribuidor, etc. | Secretaría del Convenio sobre la diversidad Biológica |
| Fecha de publicación, distribución, etc. | 2010 |
| 300 ## - DESCRIPCION FISICA | |
| Extensión | 94 p., |
| Otros detalles físicos | il., recuadros, tablas figuras, |
| Dimensiones | 13 cm |
| 505 ## - NOTA DE CONTENIDO | |
| Nota de contenido | Incluye contenido |
| 856 ## - LOCALIZACION Y ACCESO ELECTRONICOS | |
| Identificador Uniforme del Recurso | http://www.cbd.int/doc/publications/gbo/gbo3-final-es.pdf |
| 942 ## - ELEMENTOS ADICIONALES (KOHA) | |
| Sistema de clasificación | Dewey Decimal Classification |
| Tipo de ítem | Libro |
| Withdrawn status | Lost status | Sistema de Clasificación | Damaged status | No para préstamo | Colección | Ubicación Permanente | Ubicación actual | Fecha de adquisición | Total Checkouts | Número topográfico | Inventario / Código de Barras | Date last seen | Ejemplar | Price effective from | Forma de adquisición | Tipo de material | Inventariado | Fuente de Valor | Valor |
|---|---|---|---|---|---|---|---|---|---|---|---|---|---|---|---|---|---|---|---|
| Local | Audiovisual | Bogotá | Bogotá | 06/12/2013 | LB-05848 | 059370 | 06/12/2013 | Ej. 1 | 06/12/2013 | CD-ROM | |||||||||
| Local | General | Bogotá | Bogotá | 17/02/2014 | LB-333.95 P45p | 059844 | 17/02/2014 | Ej. 2 | 17/02/2014 | Libro | Inventariado 2017 | Instituto | 39000.00 | ||||||
| Dewey Decimal Classification | General | Sala Fabio Quevedo | Sala Fabio Quevedo | 20/01/2015 | LB-333.95 P45p | 038522 | 20/01/2015 | Ej.3 | 20/01/2015 | Libro | Inventariado 2017 | Instituto | 39000.00 |